000 02129nam0a2200361 4500
001 RU\NLR\bibl\1400099
005 20260408064422.0
010 _a978-5-91272-851-8
_9120
021 _aRU
_b2009-44653
_92711
035 _a(NLR Aleph) 001392107
090 _a1168792
_c1168792
100 _a20090811d2009 |||y0rusy50 ca
101 0 _arus
102 _aRU
105 _aa |||||||||
200 1 _aАктуальные проблемы экологии, защиты растений и экологического земледелия
_eматериалы Международной научно-практической конференции, посвященной 15-летию кафедры экологии
_f[редкол.: д.с.-х.н., проф. С.И. Калмыков]
210 _aСаратов
_cНаука
_d2009
215 _a287, [1] с.
_cил.
_d21
300 _aВ надзаг.: М-во сел. хоз-ва Рос. Федерации, Федер. гос. образоват. учреждение высш. проф. образования "Сарат. гос. аграр. ун-т им. Н.И. Вавилова"
320 _aБиблиогр. в конце отд. докл.
606 1 _aСельское хозяйство
_jСъезды, совещания и т.п.
_xЭкологически чистые технологии
_92293888
_3RU\NLR\auth\661373652
606 1 _aЗащита растений
_jСъезды, совещания и т.п.
_xЭкологические основы
_92415795
_3RU\NLR\auth\661439022
606 1 _aЗемледелие
_jСхемы
_xЭкологические основы
_92070528
_3RU\NLR\auth\661245251
686 _aП14я431
686 _aП41я431
686 _aП028я431(0)
702 1 _aКалмыков
_bС. И.
_gСергей Иванович
_4340
712 0 2 _4570
_aСаратовский государственный аграрный университет им. Н. И. Вавилова
_3RU\NLR\AUTH\8810041908
_9583167
801 0 _aRU
_bNLR
_c20090811
_gRCR
801 1 _aRU
_bNLR
_c20090811
942 _cBOOK
980 _aNB